Trade Policy and Market Structure
Saved in:
| Main Author: | |
|---|---|
| Other Authors: | |
| Format: | Book |
| Language: | English |
| Published: |
Cambridge
The MIT Press
1994
|
| Edition: | 1. ed., 4. print. |
| Subjects: | |
| Tags: |
No Tags, Be the first to tag this record!
|
MARC
| LEADER | 00000nam a2200000 4500 | ||
|---|---|---|---|
| 001 | c014775 | ||
| 005 | 20221205141125.9 | ||
| 020 | |a 0-262-58098-5 | ||
| 041 | 0 | |a eng | |
| 044 | |a US | ||
| 245 | 1 | 0 | |a Trade Policy and Market Structure |c Elhanan Helpman, Paul R. Krugman |
| 250 | |a 1. ed., 4. print. | ||
| 264 | 1 | |a Cambridge |b The MIT Press |c 1994 | |
| 300 | |a 191 s. | ||
| 610 | 2 | 0 | |a obchod medzinárodný |
| 610 | 2 | 0 | |a obchod recipročný |
| 610 | 2 | 0 | |a politika obchodná |
| 610 | 2 | 0 | |a konkurencieschopnosť |
| 610 | 2 | 0 | |a trh vnútorný |
| 610 | 2 | 0 | |a trh medzinárodný |
| 610 | 2 | 0 | |a trh zahraničný |
| 100 | 1 | |a Helpman, Elhanan | |
| 700 | 1 | |a Krugman, Paul R. | |